Statistiques concernant Villes italiennes les plus peuplées à travers l'Histoire

Cliquez ici pour prendre le quiz!

Statistiques générales

  • Ce quiz a été pris 2 063 fois
  • Le résultat moyen est 10 sur 18

Statistiques - réponses

Villes% Correct
Rome
100%
Milan
96%
Naples
94%
Venise
92%
Turin
91%
Florence
86%
Gênes
71%
Palerme
70%
Bologne
63%
Bari
51%
Vérone
45%
Catane
39%
Reggio d'Émilie/
Syracuse
30%
Messine
20%
Ravenne
17%
Pavie
5%
Amalfi
3%
Trapani
2%

Distribution des résultats

Percentile par nombre de réponses

% des personnes avec chaque résultat

Votre développement - résultats

Vous n’avez pas pris ce quiz